000 00296nam a2200121Ia 4500
008 220216s9999 xx 000 0 und d
100 _aBiju Dharmapalan
245 0 _aJanithakamattathe bhayakkunnathenthinu ?
260 _bKarshakan
_c2011
300 _a68-70
650 _aGM crops
942 _cJS
999 _c61780
_d61780